[Event "Dulles Skyline op-B"]
[Site "Dulles"]
[Date "2022.10.09"]
[Round "3"]
[White "Ledwidge, Richard"]
[Black "Katta, Sriansh"]
[Result "1-0"]
[WhiteElo "1844"]
[BlackElo "1395"]
[PlyCount "187"]
[EventDate "2022.10.08"]
[EventType "swiss"]
[EventRounds "6"]
[EventCountry "USA"]
[SourceTitle "CBM 210 Extra"]
[Source "ChessBase"]
[SourceDate "2022.11.30"]
[SourceVersion "1"]
[SourceVersionDate "2022.11.30"]
[SourceQuality "1"]

1. d4 g6 2. c4 Nf6 3. Nc3 Bg7 4. e4 d6 5. Nf3 0-0 6. Be2 Na6 7. Be3 e5 8. d5 Nh5 9. g3 f5 10. exf5 Bxf5 11. Nd2 Nf6 12. g4 Bd7 13. h4 Qc8 14. Rg1 Qe8 15. Nde4 Nxe4 16. Nxe4 b6 17. Qc2 Nc5 18. 0-0-0 Na6 19. Qd2 Rb8 20. h5 Rb7 21. Rdf1 Nc5 22. Nc3 a5 23. Bh6 a4 24. Bxg7 Kxg7 25. Kb1 Ra7 26. f4 exf4 27. Rxf4 Rxf4 28. Qxf4 Qe5 29. Qf3 Ra8 30. Rf1 Qe7 31. hxg6 hxg6 32. Rh1 Rh8 33. Rf1 Rf8 34. Qxf8+ Qxf8 35. Rxf8 Kxf8 36. Kc1 Ke7 37. g5 Kd8 38. Kd2 Kc8 39. Ke3 Kb7 40. Bd3 Nxd3 41. Kxd3 Ka6 42. Kd4 Ka5 43. a3 Ka6 44. Ne2 Kb7 45. Kc3 Be8 46. Kb4 Kc8 47. Nc3 Kb7 48. Nb5 Bd7 49. Kxa4 Be8 50. Kb4 Bd7 51. Nd4 Be8 52. Kc3 Bd7 53. b4 Be8 54. Ne6 Kc8 55. Kd4 Kd7 56. Nf8+ Ke7 57. Nh7 Kf7 58. Nf6 Ba4 59. c5 b5 60. Ne4 Ke7 61. Nc3 Kd7 62. Nxa4 bxa4 63. c6+ Kc8 64. Kc4 Kb8 65. Kb5 Ka7 66. Kxa4 Ka6 67. Kb3 Kb5 68. a4+ Kb6 69. Kc4 Ka6 70. a5 Ka7 71. b5 Kb8 72. b6 Kc8 73. Kb5 Kb8 74. a6 cxb6 75. Kxb6 Ka8 76. Kb5 Kb8 77. c7+ Kxc7 78. a7 Kb7 79. a8Q+ Kxa8 80. Kc6 Kb8 81. Kxd6 Kc8 82. Ke7 Kc7 83. d6+ Kc6 84. d7 Kc5 85. d8Q Kc4 86. Ke6 Kc5 87. Qd5+ Kb4 88. Qc6 Kb3 89. Kd5 Kb4 90. Qc4+ Ka3 91. Qb5 Ka2 92. Kc4 Ka1 93. Kc3 Ka2 94. Qb2# 1-0